00557nam a2200205 a 450000100060000000300080000600500170001400800410003103500190007204000270009104100130011808200220013110000210015324500390017425000120021326000320022530000340025750000380029165000220032916572BD-RjUL20211209000027.014 t1969 enkac 000 0 eng d a(BD-RjUL)16627 aDLCbengcDLCdBD-RjUL1 aenghita04a759.952bBUC 19691 aBussagli, Mario.10aChinese painting /cMario Bussagli a3rd ed. aLondon :bP. Hamlyn,c1969. a157 p. :bcol. ill. ;c20 cm. aTranslation of: La pittura cinese 0aPainting, Chinese